[Event "XXI Paul Keres Memorial Rapid"]
[Site "Tallinn EST"]
[Date "2012.01.08"]
[Round "3"]
[White "Seeman,T"]
[Black "Ehlvest,J"]
[Result "0-1"]
[WhiteElo "2399"]
[BlackElo "2594"]

1.Nf3 d5 2.g3 c6 3.Bg2 Bg4 4.c4 e6 5.cxd5 exd5 6.O-O Nf6 7.d3 Be7 8.h3 Bh5
9.Qc2 Na6 10.a3 O-O 11.Nbd2 Re8 12.b4 Bf8 13.Nb3 Nc7 14.Bb2 Ne6 15.Rfe1 Rc8
16.e4 dxe4 17.dxe4 c5 18.bxc5 Nxc5 19.Nxc5 Bxc5 20.e5 Bb4 21.Qxc8 Qxc8 22.axb4 Nd5
23.e6 fxe6 24.Rxa7 Rf8 25.Nd4 Nxb4 26.Nxe6 Nd3 27.Nxf8 Nxe1 28.Bxb7 Nf3+
29.Kg2 Ne1+ 30.Kg1 Qc2 31.Bd5+ Kxf8 32.Bxg7+ Ke8 33.Bf6 Nf3+ 34.Kg2 Ne1+
35.Kg1 Nd3 36.Bd4 Qd1+ 37.Kh2 Nb4 38.Ra8+ Kd7 39.Ra7+ Kd6 40.Rxh7 Nxd5  0-1

[Event "XXI Paul Keres Memorial Rapid"]
[Site "Tallinn EST"]
[Date "2012.01.08"]
[Round "7"]
[White "Seeman,T"]
[Black "Shirov,A"]
[Result "1/2-1/2"]
[WhiteElo "2399"]
[BlackElo "2710"]

1.Nf3 d5 2.g3 Bg4 3.Bg2 Nd7 4.c4 e6 5.cxd5 exd5 6.O-O Ngf6 7.d3 Bc5 8.a3 O-O
9.b4 Bb6 10.Nbd2 a5 11.Bb2 axb4 12.axb4 Qe7 13.Rb1 Ra2 14.Bd4 Bxf3 15.Nxf3 Rxe2
16.Bxb6 Nxb6 17.Nd4 Ra2 18.Re1 Qd7 19.Qf3 Re8 20.Qf4 Raa8 21.Nf5 g6 22.Bh3 Rxe1+
23.Rxe1 Re8 24.Nh6+ Kg7 25.Bxd7 Rxe1+ 26.Kg2 Nbxd7 27.Ng4 Nxg4 28.Qxg4 Nf6
29.Qc8 Rb1 30.Qxb7 c5 31.b5 c4 32.dxc4 dxc4 33.Qc6 c3 34.Qxc3 Rxb5 35.h3 h5
36.Qd4 Rd5 37.Qc3 g5 38.Qb2 g4 39.hxg4 hxg4  1/2-1/2

[Event "4th Chennai Open"]
[Site "Chennai IND"]
[Date "2012.01.10"]
[Round "9"]
[White "Venkatesh,M"]
[Black "Karthikeyan,P2"]
[Result "1/2-1/2"]
[WhiteElo "2499"]
[BlackElo "2402"]

1.Nf3 d5 2.g3 c5 3.Bg2 Nc6 4.d4 e6 5.O-O Nf6 6.c4 dxc4 7.Qa4 cxd4 8.Nxd4 Qxd4
9.Bxc6+ bxc6 10.Qxc6+ Qd7 11.Qxa8 Bc5 12.Nc3 O-O 13.Qg2 Bb7 14.e4 Ng4 15.Bf4 f5
16.Rad1 Qc6 17.h3 Nxf2 18.Rxf2 fxe4 19.Kh2 Bxf2 20.Qxf2 e5 21.Nd5 Qe6 22.Qxa7 Bxd5
23.Be3 h5 24.Qa5 Bc6 25.Rd8 Rxd8  1/2-1/2

[Event "4th Chennai Open"]
[Site "Chennai IND"]
[Date "2012.01.11"]
[Round "10"]
[White "Danielsen,Hen"]
[Black "Himanshu,Sh"]
[Result "1/2-1/2"]
[WhiteElo "2536"]
[BlackElo "2408"]

1.Nf3 d5 2.g3 c5 3.Bg2 Nc6 4.O-O e5 5.d3 Bd6 6.Nc3 Nge7 7.e4 d4 8.Nd5 Nxd5
9.exd5 Ne7 10.Re1 f6 11.c4 dxc3 12.bxc3 O-O 13.Nd2 b5 14.Qb3 Rb8 15.Ne4 a5
16.a4 b4 17.Be3 bxc3 18.Qxc3 Nxd5 19.Qc4 Be6 20.Nxd6 Nf4 21.gxf4 Bxc4 22.Nxc4 exf4
23.Bxf4 Rb4 24.Rad1 h5 25.Bd6 Rxa4 26.Bc6 Rb4 27.Be7 Qc8 28.Bd5+ Kh7 29.Be6 Qa8
30.Bf5+ g6 31.Be4 Qc8 32.Nd6 Qg4+ 33.Bg2 Rbb8 34.Bxf8 Rxf8 35.Rb1 h4 36.Re4 Qg5
37.f4 Qg4 38.h3 Qg3 39.Re7+ Kh6 40.Rf1 Qxd3 41.Nf7+ Rxf7 42.Rxf7 c4 43.Kh1 f5
44.Rc7 c3 45.Rf3 Qd1+ 46.Kh2 c2 47.Rfc3 Qe1 48.R7c4 a4 49.Rxc2 Qg3+ 50.Kg1 Qe1+
51.Bf1 Qe3+ 52.Rf2 Qb3 53.Rc6 a3 54.Ra6 Qe3 55.Ra8 Kg7 56.Bg2 Kf6 57.Ra6+ Kg7
58.Bf1 Kh6 59.Rc6 Kg7 60.Rc2 Kf6 61.Bg2 Kg7 62.Kh1 Qb3 63.Bf1 Kh6 64.Rcd2 Qe3
65.Kg1 Qg3+ 66.Bg2 Qe3 67.Re2 Qd3 68.Kh1 Qd1+ 69.Kh2 Qd3 70.Rd2 Qe3 71.Rc2 Qg3+
72.Kh1 Qb3 73.Bf1 Qe3 74.Rce2 Qg3 75.Ra2 Qe3 76.Bg2 Qb3 77.Kg1 Qe3 78.Bf1 Qg3+
79.Kh1 Qe3 80.Rad2 Qg3 81.Rde2 Qc3 82.Kg1 Qg3+ 83.Kh1 Qc3 84.Bg2 Qd3 85.Bf3 Qc4
86.Bg2 Qd3 87.Kg1 Qd1+ 88.Kh2 Qd3 89.Bf1 Qg3+ 90.Kh1 Qc3  1/2-1/2

[Event "Andranik Margaryan Memorial 2012"]
[Site "Yerevan ARM"]
[Date "2012.01.11"]
[Round "5"]
[White "Harutjunyan,G"]
[Black "Idani,P"]
[Result "0-1"]
[WhiteElo "2482"]
[BlackElo "2448"]

1.Nf3 d5 2.g3 c6 3.Bg2 Bg4 4.d3 Nd7 5.Nbd2 e6 6.O-O Bd6 7.e4 Ne7 8.Qe1 O-O
9.h3 Bh5 10.Nh4 Kh8 11.f4 f5 12.Ndf3 dxe4 13.dxe4 Nc5 14.e5 Bc7 15.Be3 Bb6
16.Rd1 Nd5 17.Bd4 Ne4 18.c4 Ba5 19.Qe2 Nxg3 20.Qc2 Nxf4 21.Bf2 Nge2+ 22.Kh2 Qe7
23.Rd6 g5 24.Rfd1 gxh4 25.Rd7 Qe8 26.Bxh4 Nxg2 27.Ng5 Nxh4 28.Rxh7+ Kg8 29.Rdd7 Qg6
30.Rdg7+ Qxg7 31.Rxg7+ Kxg7 32.Nxe6+ Kh8  0-1

[Event "Andranik Margaryan Memorial 2012"]
[Site "Yerevan ARM"]
[Date "2012.01.12"]
[Round "7"]
[White "Gabuzyan,H"]
[Black "Idani,P"]
[Result "1/2-1/2"]
[WhiteElo "2402"]
[BlackElo "2448"]

1.Nf3 d5 2.g3 c6 3.Bg2 Bg4 4.c4 Bxf3 5.Bxf3 dxc4 6.Na3 g6 7.Nxc4 Nd7 8.d4 Bg7
9.Qb3 Nb6 10.Nxb6 Qxb6 11.d5 Rc8 12.O-O Nf6 13.dxc6 bxc6 14.Rd1 e6 15.Qa4 O-O
16.Be3 Qxb2 17.Rab1 Qe5 18.Bxc6 Ng4 19.Bxa7 Qxe2 20.Re1 Qd3 21.Be4 Qc3 22.Rec1 Qe5
23.Rxc8 Rxc8 24.Bb7 Qh5 25.h4 Rf8 26.Bf3 Qf5 27.Be4 Qf6 28.Qc2 h5 29.a4 g5
30.hxg5 Qxg5 31.Rb5 f5 32.Qc6 Qf6 33.Bc2 Ne5 34.Qh1 Rc8 35.Rb8 Rxb8 36.Bxb8 Qg5
37.Qa8 Kh7 38.Qb7 Qc1+ 39.Kg2 Ng4 40.Qb3 Qd2 41.Ba7 Qd7 42.Bb6 Qc6+ 43.Kg1 h4
44.gxh4 Qd6 45.a5 Bd4 46.Qf3 Ne5 47.Qb7+ Kh6 48.Bxd4 Qxd4 49.Qb3 Nc4 50.Qg3 Nxa5
51.Qg5+ Kh7 52.Bxf5+ exf5  1/2-1/2

[Event "TCh-FIN SM-Liiga 2011-12"]
[Site "Helsinki FIN"]
[Date "2012.01.14"]
[Round "7.2"]
[White "Seeman,T"]
[Black "Lehti,J"]
[Result "1-0"]
[WhiteElo "2405"]
[BlackElo "2233"]

1.Nf3 d5 2.g3 e6 3.Bg2 Nf6 4.O-O a6 5.d3 Nc6 6.c3 Bc5 7.d4 Bd6 8.Bg5 h6 9.Bxf6 Qxf6
10.Nbd2 O-O 11.e4 Qd8 12.Re1 Re8 13.Qb3 Na5 14.Qc2 b5 15.b4 Nc4 16.Nxc4 bxc4
17.a4 a5 18.b5 Bb7 19.exd5 exd5 20.Ne5 Bxe5 21.dxe5 c6 22.bxc6 Bxc6 23.Qd2 Qd7
24.Qd4 Qa7 25.Qf4 Rab8 26.h4 Rb3 27.Re3 Qc5 28.Rd1 Ra3 29.Rb1 Rb3 30.Rbe1 Bxa4
31.e6 Rxe6 32.Rxe6 fxe6 33.Rxe6 Rb1+ 34.Kh2 Rb2 35.Re3 Bc6 36.Qf5 Rb8 37.Be4 Rf8
38.Qh7+ Kf7 39.Bg6+ Kf6 40.Bh5 Be8 41.Bxe8 Rxe8 42.Rf3+ Ke7 43.Qxg7+ Kd8
44.Qxh6 a4 45.Qa6 a3 46.Kg2 Re7 47.Rf8+ Kd7 48.Rf6 Kc7 49.h5 Rh7 50.h6 Re7
51.Rf8 Kd7 52.Rb8 d4 53.Rb7+ Ke8 54.Qg6+ Kd8 55.Qg8+ Re8 56.Rb8+ Kc7 57.Rxe8  1-0

[Event "TCh-FIN SM-Liiga 2011-12"]
[Site "Sastamala FIN"]
[Date "2012.01.14"]
[Round "7.5"]
[White "Mertanen,J"]
[Black "Satonen,A"]
[Result "1-0"]
[WhiteElo "2369"]
[BlackElo "2166"]

1.Nf3 d5 2.g3 Nf6 3.Bg2 g6 4.O-O Bg7 5.c4 d4 6.d3 O-O 7.b4 a5 8.bxa5 Rxa5
9.Nbd2 Nc6 10.Nb3 Rh5 11.a4 Bh3 12.Bxh3 Rxh3 13.Kg2 Qc8 14.Ng1 Rh5 15.a5 Nb4
16.f3 c5 17.Bf4 Qc6 18.h3 g5 19.Bd2 g4 20.Bxb4 gxh3+ 21.Nxh3 cxb4 22.Nf2 Rg5
23.Rh1 Qc7 24.g4 h5 25.Nh3 Nxg4 26.fxg4 Rxg4+ 27.Kf1 Qg3 28.Nf2 Qg2+ 29.Ke1 Bh6
30.Nd2 Be3 31.Rf1 Rf4 32.Nf3 h4 33.a6 bxa6 34.Ra5 f5 35.Rxa6 h3 36.Qa4 h2
37.Qc6 Bxf2+ 38.Kd2 Be3+ 39.Kc2 b3+ 40.Kxb3 Rb8+ 41.Ka4 h1=Q 42.Qe6+ Kf8
43.Ne5 Qh5 44.Nd7+ Kg7 45.Qe5+ Kh7 46.Qxe7+ Kh8 47.Qe5+ Qg7 48.Qxb8+ Qg8
49.Qe5+ Qg7 50.Nf6 Qhh6 51.Ra8+ Qf8 52.Rxf8+ Qxf8 53.Rh1+  1-0

[Event "TCh-AUT 2 Ost 2011-12"]
[Site "Vienna AUT"]
[Date "2012.01.14"]
[Round "5"]
[White "Vitouch,A"]
[Black "Vass,Frant2"]
[Result "1/2-1/2"]
[WhiteElo "2277"]
[BlackElo "2296"]

1.Nf3 d5 2.g3 g6 3.Bg2 Bg7 4.c4 e6 5.O-O Nf6 6.b3 Ne4 7.d4 c5 8.Bb2 Nc6 9.e3 Qa5
10.Qe2 cxd4 11.Nxd4 Nxd4 12.exd4 Nf6 13.Bc3 Qd8 14.Bb4 Bf8 15.Bxf8 Kxf8 16.Nc3 Kg7
17.Qe5 Re8 18.Nb5 Kg8 19.h3 Nd7 20.Qd6 Nf6 21.Qe5 Nd7 22.Qf4 Nb6 23.c5 Nd7
24.Qd6 Rf8 25.Qf4 Qf6 26.Qxf6 Nxf6 27.Rac1 Bd7 28.Nc3 b6 29.b4 Rfc8 30.Rfd1 Rab8
31.Rb1 Rc7 32.Bf1 Kf8 33.f3 Ng8 34.Bb5 Ne7 35.Bxd7 Rxd7 36.b5 Rc8 37.c6 Rdc7
38.g4 Ra8 39.a4 a5 40.f4 Kg7 41.Rf1 Kf6 42.Rbe1 h5 43.Re5 hxg4 44.hxg4 Rg8
45.Kg2 Rcc8 46.Ne2 Rh8 47.Rh1 Rxh1 48.Kxh1 Rh8+ 49.Kg2 Rh4 50.Kf3 Rh1 51.Re3 Ra1
52.Nc3 Rf1+ 53.Kg3 Rg1+ 54.Kf3  1/2-1/2

[Event "72nd ch-ARM"]
[Site "Yerevan ARM"]
[Date "2012.01.14"]
[Round "4"]
[White "Petrosian,TL"]
[Black "Pashikian,A"]
[Result "1/2-1/2"]
[WhiteElo "2636"]
[BlackElo "2608"]

1.Nf3 d5 2.g3 c6 3.Bg2 Bg4 4.c4 Nf6 5.Ne5 Be6 6.cxd5 Bxd5 7.Nf3 c5 8.Nc3 Bc6
9.O-O e6 10.d4 Nbd7 11.Be3 Be7 12.dxc5 Bxc5 13.Bxc5 Nxc5 14.Qxd8+ Rxd8 15.Rfd1 Ke7
16.Ne5 Bxg2 17.Kxg2 Rxd1 18.Rxd1 Rc8 19.f3 Ncd7 20.Nxd7 Nxd7 21.Kf2 Nb6 22.Rd3 Nc4
23.Nd1 Rc6 24.Rb3 Nd6 25.Nc3 f5 26.Nb5 Nxb5 27.Rxb5 b6 28.Rb3 g5 29.Ra3 Rc7
30.h4 gxh4 31.gxh4 Kf6 32.Rd3 h5 33.Ra3 f4 34.Rd3 Rc5 35.Rd7 a5 36.Rd4 Kf5
37.b4 Rc2 38.bxa5 bxa5 39.Ra4 Rc5 40.Ke1 Rd5 41.Rc4 Ke5 42.Re4+ Kf5 43.Rc4  1/2-1/2

[Event "TCh-CZE Liga 1 Zapad"]
[Site "Czech Rep CZE"]
[Date "2012.01.15"]
[Round "6.4"]
[White "Neckar,L"]
[Black "Straka,V"]
[Result "1-0"]
[WhiteElo "2367"]
[BlackElo "2246"]

1.Nf3 d5 2.g3 Bg4 3.Bg2 Nd7 4.c4 e6 5.cxd5 exd5 6.h3 Bh5 7.O-O Ngf6 8.d3 Bd6
9.Nd4 Bg6 10.f4 h5 11.Kh1 c6 12.Nc3 Qe7 13.e4 Bc5 14.Nb3 dxe4 15.f5 Bh7 16.dxe4 O-O-O
17.Nxc5 Nxc5 18.Qe2 Nd3 19.Bg5 Ne5 20.Rad1 Rxd1 21.Rxd1 Re8 22.b3 g6 23.fxg6 Bxg6
24.Rf1 Qb4 25.Bd2 Nfd7 26.Nd5 Qd6 27.Bb4 c5 28.Bc3 Kb8 29.Rd1 Qc6 30.Qf2 b6
31.Qf4 Kb7 32.Kh2 a5 33.a4 Qe6 34.Qg5 Nc6 35.Nf4 Qe7 36.Qd5 Nb8 37.Nxg6 fxg6
38.e5 Ka7 39.Re1 Rd8 40.Qe4 Qe6 41.Qc4 Qe7 42.e6 Nd4 43.Bxd4 Rxd4 44.Qc2 h4
45.Qxg6 hxg3+ 46.Qxg3 Na6 47.Rf1 Qxe6 48.Qf3 Qc8 49.Re1 Rd7 50.h4 Rg7 51.h5 Qd8
52.Re6 Rh7 53.h6 Qh4+ 54.Kg1 Qd4+ 55.Kf1 Qd8 56.Rf6 Rd7 57.Rf7 Rxf7 58.Qxf7+ Nc7
59.Qf3 Qc8 60.h7 Ne6 61.h8=Q  1-0

[Event "4NCL 2011-12"]
[Site "Hinckley ENG"]
[Date "2012.01.15"]
[Round "4.54"]
[White "Gourlay,I"]
[Black "Ferguson,M"]
[Result "0-1"]
[WhiteElo "2351"]
[BlackElo "2374"]

1.Nf3 d5 2.g3 Bg4 3.Bg2 Nd7 4.c4 e6 5.cxd5 exd5 6.Nc3 Ngf6 7.d3 c6 8.O-O Bd6
9.Qc2 O-O 10.e4 dxe4 11.dxe4 Re8 12.Re1 Nc5 13.Bg5 h6 14.Rad1 hxg5 15.e5 Bxf3
16.Bxf3 g4 17.Bg2 Qe7 18.exd6 Qxe1+ 19.Rxe1 Rxe1+ 20.Bf1 Rd8 21.Qd2 Re6 22.Qg5 b6
23.h3 gxh3 24.Bxh3 Rexd6 25.Bf5 Ne6 26.Qe3 Nd4 27.Bb1 Re6 28.Qf4 Ne2+ 29.Nxe2 Rxe2
30.Kg2 Rxb2 31.Qc7 Re8 32.Bf5 g6 33.Qxc6 Kg7 34.Qc3 Ree2  0-1

[Event "10th Parsvnath Open"]
[Site "New Delhi IND"]
[Date "2012.01.15"]
[Round "2"]
[White "Girinath,P"]
[Black "Hetul,S"]
[Result "1-0"]
[WhiteElo "2360"]
[BlackElo "1987"]

1.Nf3 d5 2.g3 Nf6 3.Bg2 g6 4.d3 Bg7 5.Nbd2 Nc6 6.c3 e5 7.e4 O-O 8.O-O a5
9.a4 dxe4 10.dxe4 b6 11.Re1 Ba6 12.Bf1 Bxf1 13.Kxf1 Qd7 14.Qe2 Rad8 15.Kg2 Nh5
16.Nc4 f5 17.exf5 Qxf5 18.Ne3 Qf6 19.Ng4 Qe6 20.Ng5 Qd5+ 21.Ne4 Rf5 22.f3 Qd3
23.Qxd3 Rxd3 24.Be3 Rf7 25.Red1 Rfd7 26.Rxd3 Rxd3 27.Kf2 Rd7 28.Ke2 Ne7 29.Bg5 Kf7
30.Be3 Nf5 31.Ng5+ Kg8 32.Bf2 Nh6 33.Nxh6+ Bxh6 34.Ne4 Kf7 35.Rd1 Rxd1 36.Kxd1 Nf6
37.Kc2 Nxe4 38.fxe4 Ke6 39.Kd3 Kd6 40.b4 Kc6 41.Kc4 Bf8 42.g4 axb4 43.cxb4 Bd6
44.b5+ Kd7 45.Kd5 Ke7 46.Bh4+ Kf7 47.Bd8 Ke8 48.Bf6 Kd7 49.Bxe5 Be7 50.Bc3 h5
51.h3 hxg4 52.hxg4  1-0

[Event "Queenstown Classic"]
[Site "Queenstown NZL"]
[Date "2012.01.16"]
[Round "2.42"]
[White "Capper,D"]
[Black "Zelesco,Karl"]
[Result "0-1"]
[WhiteElo "1802"]
[BlackElo "1990"]

1.Nf3 d5 2.g3 Bg4 3.Bg2 Nd7 4.d3 c6 5.Nbd2 Ngf6 6.O-O e5 7.e4 dxe4 8.dxe4 Be7
9.Qe1 O-O 10.b3 Qc7 11.Bb2 a5 12.a3 b5 13.Nh4 Qb6 14.Ndf3 Qc5 15.Rc1 Rfd8
16.Nf5 Bf8 17.h3 Bh5 18.g4 Bg6 19.Qe2 Ne8 20.N3h4 Nc7 21.Bh1 Ne6 22.Ng2 f6
23.Ne1 Qb6 24.c3 Ndc5 25.Nh4 Nxb3 26.Rc2 Nf4 27.Qf3 Nd2 28.Rxd2 Rxd2 29.Bc1 Ne2+
30.Kh2 Nxc1 31.Nf5 Bc5 32.Kg3 Ne2+ 33.Kh4 Bf7 34.Nd3 g5+  0-1

[Event "10th Parsvnath Open"]
[Site "New Delhi IND"]
[Date "2012.01.17"]
[Round "5"]
[White "Shyam,N"]
[Black "Aravindh,Chithambaram VR."]
[Result "1/2-1/2"]
[WhiteElo "2482"]
[BlackElo "2246"]

1.Nf3 d5 2.g3 c5 3.Bg2 Nc6 4.O-O e6 5.d3 Bd6 6.e4 Nge7 7.Re1 O-O 8.Nbd2 f6
9.Nf1 Rb8 10.exd5 exd5 11.d4 Bg4 12.dxc5 Bxc5 13.h3 Bh5 14.c3 Bf7 15.Be3 Bd6
16.Nd4 a6 17.f4 Nxd4 18.Bxd4 Qc7 19.Ne3 Bc5 20.Bxc5 Qxc5 21.Qd4 Qxd4 22.cxd4 f5
23.Re2 Rbd8 24.Rc1 Rc8 25.Rec2 Rc6 26.Kf2 g6 27.Ke2 Be6 28.Kd3 Kf7 29.a3 Rb8
30.Bf3 Ke8 31.Rc5 Rbc8 32.Bd1 Kd7 33.Ba4 b5 34.Bd1 Kd6 35.b4 Rg8 36.Ke2 Ra8
37.Kd2 h6 38.Be2 Rb6 39.Nc2 Bd7 40.Bf3 Be6 41.Re1 Nc6 42.Ne3 Ne7 43.Nd1 Nc6
44.Nc3 Nxd4 45.Bxd5 Re8 46.Kd3 Nb3 47.Rxe6+ Rxe6 48.Bxb3 Re1 49.Rd5+ Kc6
50.Re5 Rg1 51.Re3 Kd7 52.Kd4 Rd6+ 53.Nd5  1/2-1/2

[Event "Queenstown Classic"]
[Site "Queenstown NZL"]
[Date "2012.01.18"]
[Round "4.29"]
[White "Hartvig,O"]
[Black "Zelesco,Karl"]
[Result "0-1"]
[WhiteElo "2210"]
[BlackElo "1990"]

1.Nf3 d5 2.g3 Bg4 3.Bg2 Nd7 4.d3 c6 5.c4 e6 6.O-O Ngf6 7.b3 Be7 8.Bb2 O-O
9.Nbd2 a5 10.a3 Re8 11.Rc1 Bd6 12.Rc2 e5 13.cxd5 cxd5 14.Qa1 Qe7 15.h3 Bh5
16.Kh1 h6 17.Rcc1 Ra6 18.g4 Nxg4 19.hxg4 Bxg4 20.Rg1 e4 21.Bh3 exf3 22.Rxg4 Ne5
23.Rg3 Ng6 24.Rxf3 Qxe2 25.Rd1 Be5 26.Bxe5 Rxe5 27.Bf1 Rh5+ 28.Kg1 Qe7 29.Bg2 Re6
30.Nf1 Qh4 31.Ng3 Qh2+ 32.Kf1 Nh4 33.Qxg7+ Kxg7 34.Nxh5+ Kh8 35.Nf4 Nxf3
36.Nxe6 Qg1+ 37.Ke2 Qxg2  0-1

[Event "Apertura Internacional 2012"]
[Site "Asuncion PAR"]
[Date "2012.01.20"]
[Round "1.5"]
[White "Soppe,G"]
[Black "Quinones,Ces"]
[Result "1-0"]
[WhiteElo "2424"]
[BlackElo "2278"]

1.Nf3 d5 2.g3 Nf6 3.Bg2 Bf5 4.d3 c6 5.O-O e6 6.b3 Be7 7.Bb2 O-O 8.Nbd2 h6
9.Qe1 Bh7 10.e4 a5 11.a3 Na6 12.Qe2 Nc5 13.e5 Nfd7 14.Kh1 Qb6 15.Rab1 Qa6
16.Ne1 b5 17.f4 b4 18.a4 Rae8 19.Qf2 f6 20.exf6 Bxf6 21.Bxf6 Rxf6 22.Nef3 Nb7
23.Rbe1 c5 24.Ne5 Qd6 25.Nxd7 Qxd7 26.Nf3 Qd6 27.Ne5 Rff8 28.Qe3 Nd8 29.Rf2 Nc6
30.Nxc6 Qxc6 31.Rfe2 Bg6 32.Qd2 Qd6 33.Re5 Bf7 34.Qe2 Rc8 35.Bh3 c4 36.Bxe6 cxb3
37.cxb3 Rc3 38.Qf3 Bxe6 39.Rxe6 Qc5 40.Qg4 Rc1 41.Re7 Qxe7 42.Rxc1 Qe3 43.Rc7 Qd4
44.Qe2 Kh7 45.Kg2 Rg8 46.h4 Qb6 47.Qe5 Qg6 48.f5 Qh5 49.d4 Kh8 50.f6 Qxe5
51.dxe5 gxf6 52.exf6 Rd8 53.Kf3 h5 54.Ke3 Kg8 55.Rg7+ Kf8 56.Rg5 Rc8 57.Rxd5 Kf7
58.Rxh5 Rc3+ 59.Kf4 Kxf6 60.Rxa5 Rxb3 61.Ra6+ Kg7 62.Rb6 Rb1 63.Kg5 b3 64.Rb7+ Kf8
65.g4 b2 66.h5 Ra1 67.Rxb2 Rxa4 68.Rb8+ Kg7 69.h6+ Kh7 70.Rb7+ Kg8 71.Re7 Ra1
72.Kf6 Ra8 73.g5 Rf8+ 74.Ke5 Rf1 75.g6 Re1+ 76.Kd6 Rd1+ 77.Kc5 Rc1+ 78.Kd4 Rd1+
79.Kc3 Rc1+ 80.Kb2 Rc8 81.Rd7 Re8 82.Kc3 Kh8 83.Kd4 Kg8 84.Kd5 Kh8 85.Kd6 Kg8
86.Kc7  1-0

[Event "Frauenbundesliga 2011-12"]
[Site "Germany GER"]
[Date "2012.01.21"]
[Round "6.4"]
[White "Moser,E"]
[Black "Stitterich,N"]
[Result "1-0"]
[WhiteElo "2432"]
[BlackElo "2008"]

1.g3 d5 2.Nf3 c6 3.Bg2 Bf5 4.O-O Nf6 5.b3 e6 6.Bb2 Nbd7 7.d3 Be7 8.Nbd2 O-O
9.e3 Re8 10.Qe2 Bg4 11.e4 dxe4 12.dxe4 e5 13.h3 Bxf3 14.Nxf3 Bc5 15.Rad1 Qc7
16.Kh1 b5 17.Nh4 Qa5 18.f4 exf4 19.gxf4 Qxa2 20.Bc3 Qa6 21.Rxd7 Nxd7 22.Qg4 Bf8
23.Bxg7 h5 24.Qg5 f6 25.Bxf6+  1-0

[Event "11th Marienbad GMA"]
[Site "Marianske Lazne CZE"]
[Date "2012.01.21"]
[Round "1"]
[White "Ivanov,MM"]
[Black "Skytte,R"]
[Result "1/2-1/2"]
[WhiteElo "2389"]
[BlackElo "2388"]

1.Nf3 d5 2.g3 Bg4 3.Bg2 Nd7 4.O-O e6 5.c4 c6 6.cxd5 exd5 7.d3 Ngf6 8.Nc3 Be7
9.h3 Bh5 10.e4 dxe4 11.dxe4 Ne5 12.Qe2 Qd3 13.Qxd3 Nxd3 14.Nh4 Bg6 15.f4  1/2-1/2

[Event "78th ch-BLR 2012"]
[Site "Minsk BLR"]
[Date "2012.01.21"]
[Round "10.4"]
[White "Kovalev,Vl"]
[Black "Zhigalko,A"]
[Result "1/2-1/2"]
[WhiteElo "2453"]
[BlackElo "2576"]

1.Nf3 d5 2.g3 Bg4 3.Bg2 Nd7 4.d4 e6 5.O-O Ngf6 6.c4 c6 7.Qb3 Qb6 8.Nc3 Be7
9.Bf4 O-O 10.c5 Qa6 11.Qc2 Bf5 12.Qd2 b6 13.b4 Qa3 14.b5 cxb5 15.Nxb5 Qa4
16.Nc3 Qa5 17.Nh4 Bg6 18.Nxg6 hxg6 19.e4 dxe4 20.Nxe4 Qxd2 21.Nxd2 Nd5 22.Bxd5 exd5
23.Rfe1 Rfe8 24.Rab1 g5 25.c6 Nf8 26.Be3 Ne6 27.a4 Rac8 28.Rec1 Red8 29.a5 bxa5
30.Rb7 Rc7 31.Ra1 Rxb7 32.cxb7 Rb8 33.Rxa5 Rxb7 34.Rxd5 f6 35.Nc4 Kf8 36.Ra5 Bb4
37.Ra4 Nc7 38.d5  1/2-1/2

[Event "TCh-AUT 1st Bundesliga 2012"]
[Site "Baden AUT"]
[Date "2012.01.22"]
[Round "3.3"]
[White "Ruck,R1"]
[Black "Diermair,A"]
[Result "1/2-1/2"]
[WhiteElo "2579"]
[BlackElo "2429"]

1.Nf3 d5 2.g3 Nf6 3.Bg2 c6 4.O-O Bg4 5.c4 e6 6.d3 Nbd7 7.cxd5 cxd5 8.Qb3 Qb6
9.Qxb6 Nxb6 10.Nc3 a6 11.Be3 Nbd7 12.Rac1 Bd6 13.Rc2 Ke7 14.Rfc1 Bxf3 15.Bxf3 Ne5
16.a3 Nxf3+ 17.exf3 Nd7 18.f4 g6 19.Na4 Rhd8 20.Kg2 h5 21.Kf3 Rab8 22.Ba7 Ra8
23.Bd4 Rab8 24.Ke3 f6 25.Kd2 e5 26.fxe5 fxe5 27.Ba7 Ra8 28.Be3 Ke6 29.Bc5 Rac8
30.Bxd6 Rxc2+ 31.Rxc2 Kxd6 32.b4 Rf8 33.Ke2 Nb8 34.b5 axb5 35.Nc3 b4 36.Nb5+ Ke6
37.axb4 Nc6 38.Rb2 g5 39.h3  1/2-1/2

[Event "Frauenbundesliga 2011-12"]
[Site "Germany GER"]
[Date "2012.01.22"]
[Round "7.2"]
[White "Michna,Mart"]
[Black "Leks,M"]
[Result "1-0"]
[WhiteElo "2396"]
[BlackElo "2108"]

1.Nf3 d5 2.g3 Nf6 3.Bg2 Bf5 4.O-O e6 5.d3 Be7 6.Nfd2 h6 7.e4 Bh7 8.Qe2 O-O
9.f4 Re8 10.Kh1 c5 11.g4 dxe4 12.dxe4 Nc6 13.c3 Nd7 14.Nf3 b5 15.Qxb5 Bxe4
16.Nbd2 Rb8 17.Qe2 Bg6 18.Nc4 Qc7 19.Nfd2 Nb6 20.Qf3 Rbc8 21.f5 exf5 22.gxf5 Bh7
23.Nxb6 axb6 24.Ne4 Bd6 25.Qg4 Kh8 26.Nxd6 Qxd6 27.f6 gxf6 28.Bxh6 Rg8 29.Bg7+ Rxg7
30.Qxc8+  1-0

[Event "TCh-LTU 2012"]
[Site "Lithuania LTU"]
[Date "2012.01.22"]
[Round "2"]
[White "Zagorskis,D"]
[Black "Narmontas,M"]
[Result "0-1"]
[WhiteElo "2512"]
[BlackElo "2398"]

1.Nf3 d5 2.g3 Nf6 3.Bg2 c6 4.O-O Bf5 5.d3 Nbd7 6.Nc3 e5 7.Nh4 Bg4 8.h3 Bh5
9.Qe1 d4 10.Nb1 Bc5 11.e4 dxe3 12.Bxe3 Bxe3 13.Qxe3 Nd5 14.Qc1 O-O 15.Nd2 f5
16.Re1 f4 17.Nhf3 fxg3 18.fxg3 Qb6+ 19.Kh2 Ne3 20.g4 Nxg2 21.Kxg2 Bf7 22.Re2 Nc5
23.Ne4 Bd5 24.Kg3 Rf4 25.Nxe5 Nxe4+ 26.dxe4 Rxe4 27.Rxe4 Bxe4 28.Qf4 Bd5
29.b3 Qc7 30.Nd3 Qa5 31.Rf1 Qc3 32.Rf2 Re8 33.Qb4 Qa1 34.Kh4 h6 35.c4 Bf7
36.Rxf7 Kxf7 37.Qxb7+ Kg8 38.Qxc6 Re3 39.Qa8+ Kh7 40.Nf4 Qf6+  0-1

[Event "ch-Paracin 2012"]
[Site "Paracin SRB"]
[Date "2012.01.22"]
[Round "4.15"]
[White "Miskovic,Lazar"]
[Black "Antic,N"]
[Result "0-1"]
[WhiteElo "1621"]
[BlackElo "2066"]

1.Nf3 d5 2.g3 Nf6 3.Bg2 c5 4.O-O Nc6 5.c4 e6 6.d3 Be7 7.b3 O-O 8.Bb2 d4 9.Re1 e5
10.h3 Re8 11.e3 Bd6 12.Nbd2 h6 13.a3 a5 14.e4 Nh7 15.Nh4 Qc7 16.Nf5 Bf8 17.Rf1 g6
18.Nh4 Be7 19.f4 exf4 20.gxf4 Bxh4 21.f5 Ne5 22.Nf3 Bg3 23.b4 axb4 24.axb4 Rxa1
25.Bxa1 Nxf3+ 26.Qxf3 b6 27.h4 Bxh4 28.Qh3 Bg5 29.b5 gxf5 30.exf5 Re3 31.Rf3 Qe5
32.Rxe3 Bxe3+ 33.Kh1 Bxf5 34.Qh5 Bf4 35.Be4  0-1

[Event "72nd ch-ARM"]
[Site "Yerevan ARM"]
[Date "2012.01.22"]
[Round "11"]
[White "Petrosian,TL"]
[Black "Hovhannisyan,R"]
[Result "1-0"]
[WhiteElo "2636"]
[BlackElo "2589"]

1.Nf3 d5 2.g3 c6 3.Bg2 Bg4 4.O-O Nd7 5.d3 e6 6.Qe1 Bd6 7.e4 Ne7 8.h3 Bh5
9.Nh4 dxe4 10.dxe4 Ng6 11.Nxg6 Bxg6 12.f4 f6 13.Nd2 O-O 14.Nc4 Bc5+ 15.Kh2 Qe7
16.a3 Nb6 17.Na5 e5 18.f5 Bf7 19.g4 Nc4 20.Nxc4 Bxc4 21.Rf3 Rfd8 22.Rg3 Qd6
23.g5 Qd1 24.Qxd1 Rxd1 25.Bf3 Rd6 26.gxf6 Rxf6 27.Bg5 Rd6 28.Rg2 Kf8 29.Rd1 Rxd1
30.Bxd1 h6 31.Bh4 Be3 32.Bh5 Bc1 33.b3 Bf7 34.Bxf7 Kxf7 35.a4 Bg5 36.Bxg5 hxg5
37.Rxg5 Rd8 38.Rg2 Rd4 39.Re2 c5 40.Kg3 c4 41.Re3 cxb3 42.cxb3 Kf6 43.h4 Rd1
44.Kg4 Rd4 45.Kf3 Rd1 46.Ke2 Rd4 47.Kf2 Rd2+ 48.Kg3 Rd1 49.Rc3 Rg1+ 50.Kf3 Rh1
51.Kg4 Re1 52.Rc4 g6 53.fxg6 Kxg6 54.h5+ Kf6 55.h6 Kg6 56.h7 Rg1+ 57.Kf3 Kxh7
58.Rc7+ Kg6 59.Rxb7 Rb1 60.Rxa7 Rxb3+ 61.Kg4 Rb6 62.Ra5 Kf6 63.Rb5 Rc6 64.a5 Rc1
65.Rb6+ Ke7 66.Kf5 Kd7 67.a6 Rc5 68.a7 Ra5 69.Rh6 Kc7 70.Rh8  1-0

[Event "Apertura Internacional 2012"]
[Site "Asuncion PAR"]
[Date "2012.01.23"]
[Round "4.3"]
[White "Roman,R"]
[Black "Soppe,G"]
[Result "0-1"]
[WhiteElo "2053"]
[BlackElo "2424"]

1.Nf3 d5 2.g3 Bg4 3.Bg2 c6 4.O-O e6 5.d3 Bd6 6.Nbd2 Nd7 7.e4 Ne7 8.h3 Bh5
9.Qe1 O-O 10.Nh4 Qc7 11.d4 f6 12.Nb3 Rae8 13.Qc3 g5 14.Nf3 dxe4 15.Nfd2 Nd5
16.Qa5 e3 17.Qxc7 Bxc7 18.Nc4 exf2+ 19.Kxf2 Nb4 20.Ne3 Bg6 21.c3 Nd3+ 22.Kf3 e5  0-1

[Event "Apertura Internacional 2012"]
[Site "Asuncion PAR"]
[Date "2012.01.24"]
[Round "5.1"]
[White "Valiente,C"]
[Black "Goiriz,Y"]
[Result "1/2-1/2"]
[WhiteElo "2261"]
[BlackElo "2106"]

1.Nf3 d5 2.g3 Nf6 3.Bg2 e6 4.O-O Be7 5.d4 O-O 6.c4 b6 7.Nc3 Bb7 8.Ne5 c6
9.e4 dxc4 10.Nxc4 Ba6  1/2-1/2

[Event "Gibraltar Open"]
[Site "Caleta ENG"]
[Date "2012.01.24"]
[Round "1.102"]
[White "Mozelius,P"]
[Black "Magar,J"]
[Result "1-0"]
[WhiteElo "1869"]
[BlackElo "2088"]

1.Nf3 d5 2.g3 Nc6 3.d4 Bf5 4.c3 Nf6 5.Bg2 e6 6.Nh4 Be4 7.f3 Bxb1 8.Rxb1 h6
9.f4 Be7 10.Nf3 Ne4 11.Qc2 f5 12.Qb3 Rb8 13.Be3 O-O 14.Ne5 Nxe5 15.dxe5 c5
16.Bxe4 fxe4 17.Rd1 b5 18.O-O g6 19.a3 a5 20.Qc2 a4 21.Bf2 Qe8 22.e3 Qc6
23.Ra1 Rfc8 24.Rfc1 Kg7 25.Qe2 Qd7 26.Qd1 Rb7 27.h4 h5 28.Kg2 Rbc7 29.Kh2 Ra8
30.g4 Kh6 31.Qe2 b4 32.axb4 cxb4 33.Be1 b3 34.Rd1 Rc4 35.Qxc4  1-0

[Event "11th Marienbad IMB2"]
[Site "Marianske Lazne CZE"]
[Date "2012.01.24"]
[Round "4"]
[White "Jurek,J"]
[Black "Chernyshova,N"]
[Result "1/2-1/2"]
[WhiteElo "2350"]
[BlackElo "2072"]

1.g3 d5 2.Nf3 Nf6 3.Bg2 g6 4.d4 Bg7 5.c4 c6 6.cxd5 cxd5 7.Ne5 O-O 8.Nc3 Ng4
9.Nxg4 Bxg4 10.Be3 Nc6 11.Nxd5 e6 12.Nc3 Bf5 13.O-O Qa5 14.Bd2 e5 15.e4 Bd7
16.Nd5 Qd8 17.dxe5 Nxe5 18.Bb4 Re8 19.Rc1 Bb5 20.Re1 Nd3 21.Bf1 Rxe4 22.Ne7+ Qxe7
23.Bxe7 Rxe1 24.Qxe1 Nxe1 25.Bxb5 Nf3+ 26.Kg2 Nd4 27.Bd7 b5 28.Rc7 a5 29.f4 Ne6
30.Bxe6 fxe6 31.b3 b4 32.Kf3 Bc3 33.Rb7 e5 34.fxe5 Bxe5 35.Ke4 Bc3 36.Kd5 Ra6
37.g4 Bf6 38.Bd6 Bg5 39.h3 h5 40.Bc5 Ra8 41.Bd6 Ra6 42.Be5 Bf6 43.Bc7 Bc3
44.Rb6 Ra7 45.Rxg6+ Kf7 46.Rc6 hxg4 47.hxg4 a4 48.Bd6 axb3 49.axb3 Ra1 50.Rc4 Rb1
51.Bxb4 Bf6 52.Rf4 Rxb3 53.Kc4 Rg3 54.Bd6 Kg6 55.Kd5 Rd3+ 56.Ke6 Re3+ 57.Kd7 Be5  1/2-1/2